| 000 | 01093cam a2200337 a 4500 | ||
|---|---|---|---|
| 001 | ocm60518100 | ||
| 003 | PILC | ||
| 005 | 20150112093427.0 | ||
| 008 | 041115s2006 ohua b 001 0 eng | ||
| 010 | _a2004116550 | ||
| 020 | _a9780324113808 | ||
| 040 |
_aDLC _cDLC _dEQO _dTXI _dBAKER _dBTCTA _dYDXCP _dLVB _dCVU |
||
| 042 | _apcc | ||
| 049 | _aCVUA | ||
| 050 | 0 | 0 |
_aHF 5821 _b.Og35 2003 |
| 082 | 0 | 0 |
_aAdSF 659.121 _bOg9 2003 |
| 100 | 1 |
_aO'Guinn, Thomas C. _91025 |
|
| 245 | 1 | 0 |
_aAdvertising and integrated brand promotion / _cThomas C. O'Guinn, Chris T. Allen, Richard J. Semenik. |
| 250 | _a3rd ed. | ||
| 260 |
_aMason, Ohio : _bThomson/South-Western, _c2006. |
||
| 300 |
_a773 pages : _bcolored illustration ; _c29 cm. |
||
| 500 | _aIncludes bibliographical references and indexes. | ||
| 650 | 0 |
_aAdvertising. _9734 |
|
| 650 | 0 |
_aAdvertising media planning. _9759 |
|
| 700 | 1 |
_aAllen, Chris T. _91026 |
|
| 700 | 1 |
_aSemenik, Richard J. _91027 |
|
| 910 | _a20071015/w/c;hc | ||
| 942 |
_2lcc _cBK |
||
| 980 |
_a110907 _b126159 _e12470 _f220238 _g1 |
||
| 981 |
_aybp _bCOMB _d99817537014 |
||
| 999 |
_c14214 _d14214 |
||